| 000 | 00334nam a22001337a 4500 | ||
|---|---|---|---|
| 008 | 180903b xxu||||| |||| 00| 0 eng d | ||
| 020 | _a9781771882774 | ||
| 041 | _aeng | ||
| 080 | _a338 | ||
| 100 | _a53 | ||
| 101 | _aman | ||
| 245 |
_aPriciples AnD Management Of clogging In miccro Irriigation _cGoyal.m.R |
||
| 942 |
_2udc _cBK |
||
| 999 |
_c47427 _d47427 |
||